Score 0/20 Timer 04:00
5 Plays Today
Question Answer Wrong Answers
Singapore Singapore
96.6%
Timor-Leste
0.3%
Monaco
0.3%
San Marino
0.2%
Salt Lake City United States
95.6%
Canada
1.2%
Mexico
0.4%
Guatemala
0.3%
Sheffield United Kingdom
93.7%
Denmark
2%
Malta
0.8%
Egypt
0.7%
Stuttgart Germany
91.3%
Sweden
3.2%
Slovakia
1.6%
Serbia
1.2%
Sochi Russia
89.7%
Canada
1.3%
United States
0.4%
Finland
6%
Salzburg Austria
88.1%
Slovakia
1.6%
Czechia
1.5%
Switzerland
6.1%
Shenzhen China
87.2%
Vietnam
4.9%
North Korea
3.1%
Singapore
1.9%
Seville Spain
86.7%
Portugal
2%
France
7.4%
Argentina
1.2%
Saskatoon Canada
84%
United Kingdom
0.7%
Australia
4.6%
New Zealand
7.8%
Suez Egypt
83.9%
Australia
0.8%
Israel
4.8%
Jordan
7.8%
Sapporo Japan
81.6%
Micronesia
3.8%
Marshall Islands
3.3%
Indonesia
8.4%
Split Croatia
72.6%
Bosnia and Herzegovina
14.7%
Greece
4.2%
Canada
5.5%
Stavanger Norway
67.2%
Iceland
10.6%
Poland
6%
Estonia
13.1%
Suwon South Korea
66.9%
Japan
12.7%
Mongolia
10.3%
Tuvalu
7%
Strasbourg France
65.6%
Belgium
14.2%
United Kingdom
1.4%
Switzerland
16.2%
Sana'a Yemen
64.4%
Oman
13.1%
Somalia
12.9%
United Arab Emirates
6.8%
Shiraz Iran
63.4%
Afghanistan
12.3%
Turkmenistan
8.5%
Azerbaijan
12.7%
Sucre Bolivia
55.4%
France
18.9%
Guyana
16.3%
Vanuatu
6.5%
Szczecin Poland
43.3%
Czechia
35.5%
Belarus
7%
Ukraine
11.1%
Samsun Turkey
14.8%
South Korea
41.8%
Japan
18.2%
Taiwan
22.3%
Remove Ads.
Support Sporcle.
Get the best of Sporcle when you Go Orange. This ad-free experience offers more features, more stats, and more fun while also helping to support Sporcle. Thank you for becoming a member.

You're not logged in!

Compare scores with friends on all Sporcle quizzes.
OR
Log In

Show Comments

Extras

Top Quizzes Today


Score Distribution

Your Account Isn't Verified!

In order to create a playlist on Sporcle, you need to verify the email address you used during registration. Go to your Sporcle Settings to finish the process.

Report this User

Report this user for behavior that violates our Community Guidelines.

Details: